000 00722nam a2200229 4500
003 OSt
005 20240704011328.0
006 a
008 240704b |||||||| |||| 00| 0 eng d
020 _a9780120885480
040 _aDWCL-Main lib.
_cOC
082 _2First edition
_aCirc. 551.51 C597i 2008
100 _aClarke, Allan J.
245 _aAn introduction to the dynamics of El Nin˜o and the Southern Oscillation /
260 _aUK :
_bElsevier,
_cc2008.
300 _axv,
_b308 p. : ill. ;
_c23 cm.
504 _aIncludes bibliographical references and index.
650 _a1. El Nin˜o current.
650 _a2. Southern Oscillation.
650 _a3. Dynamic meteorology
942 _2ddc
_n0
_cBK-CIRC
_kCirc.
999 _c1911
_d1911